Matemática : 1er año bachillerato /
Guardado en:
| Autor Principal: | |
|---|---|
| Formato: | Libro |
| Publicado: |
Madrid :
Santillana,
1978
|
| Materias: | |
| Etiquetas: |
Agregar Etiqueta
Sin Etiquetas, Sea el primero en etiquetar este registro!
|
| LEADER | 00887nam a22002295a 4500 | ||
|---|---|---|---|
| 001 | CEM.cems000523 | ||
| 005 | 20110413114620.0 | ||
| 008 | 130507s1978##################000#0#####d | ||
| 003 | CEMS | ||
| 082 | 0 | 4 | |a 510 |
| 100 | 1 | |a Anzola, Máximo | |
| 245 | 1 | 0 | |a Matemática : |b 1er año bachillerato / |c Máximo Anzola |
| 260 | |a Madrid : |b Santillana, |c 1978 | ||
| 300 | |a 302 p. | ||
| 505 | 0 | |a Conjuntos. Correspondencias; Combinatoria; Numeros reales; Polinomios; Funciones polinomicas y su representacion grafica; Resolucion de ecuaciones, inecuaciones y sistemas; Progresiones. Intereses; Estadistica; Numeros complejos | |
| 653 | |a Combinaciones | ||
| 653 | |a Ecuaciones | ||
| 653 | |a Eestadística | ||
| 653 | |a Inecuaciones | ||
| 653 | |a Matemática | ||
| 859 | |a CEMS |b BIB. CEMS - 11 de abril |h 510 |i An98 |p 9221.81 |t Ej.1 |v I |3 I | ||
| 859 | |a CEMS |b BIB. CEMS - 11 de abril |h 510 |i An98 |p 9419.81 |t Ej.2 |v I |3 I | ||
